000 00541nam a2200133Ia 4500
008 220620s9999||||xx |||||||||||||| ||und||
022 _a18636489
100 _aBirnstill, Pascal
245 0 _aPrivacy-Respecting Smart Video Surveillance Based on Usage Control Enforcement
546 _aEnglish[eng]
650 _aPrivacy||Anonymization||AnonymisierungSmart Video Surveillance||Data Protection||Nutzungskontrolle||Usage Control||Datenschutz||Intelligente Videoüberwachung
856 _uhttps://www.ksp.kit.edu/9783731505389
942 _cEB
999 _c33360
_d33360